|
|
|
|
| LEADER |
00000cam a2200000 7i4500 |
| 001 |
0000091770 |
| 005 |
20080407.0 |
| 020 |
|
|
|a 0470867264
|
| 090 |
0 |
0 |
|a 920
|b ALS
|
| 100 |
1 |
|
|a Al-Salami, Khadija
|
| 245 |
1 |
4 |
|a The Tears of sheba :
|b tales of survival and intrigue in Arabia
|c Khadija Al-Salami with Charles Hoots
|
| 260 |
|
|
|a West Sussex :
|b John Wiley & Sons Ltd. ,
|c 2004
|
| 300 |
|
|
|a 386p. :
|b ill. ;
|c 20cm.
|
| 650 |
0 |
0 |
|a Diplomats
|z Yemen
|x Biography
|
| 650 |
0 |
0 |
|a Women diplomats
|x Biography
|z Yemen
|
| 651 |
|
0 |
|a Yemen
|x Biography
|
| 651 |
|
0 |
|a Yemen
|x History
|y 1962-
|
| 999 |
|
|
|a 00182522
|b BUKU
|c PINJAMAN
|e PERPUSTAKAAN KOMUNITI PETALING JAYA
|